000 00667nam a22001937a 4500
999 _c2023
_d2023
001 4604
003 BD-DhUAP
005 20200219104004.0
008 200219s1999 bg a|||| |||| 00| 0 eng d
020 _a9843103920
040 _aBD-DhUAP
_bEng
_cBD-DhUAP
_dBD-DhUAP
082 _223
_a363.75492 GUI
245 _aGuide to the environmental conservation act 1995 and environmental conservation rules 1997 of the government of Bangladesh.
260 _aDhaka :
_bBangladesh centre for advanced studies,
_cc1999.
300 _avii, 84 pages ;
_c25 cm.
650 _aEnvironmental policy
_zBangladesh.
710 _aBangladesh centre for advanced studies.
942 _2ddc
_cBK